Missing Word: Double Letter Horror Movies Quiz Stats

 Plays Quiz Updated Sep 9, 2019

Score 0/16 Timer 04:00
0 Plays Today
Movie Missing Word % Correct
A Nightmare on Elm ___Street
98.5%
The Texas Chain Saw ___Massacre
96.5%
The Cabin in the ___Woods
95.9%
The Girl Next ___Door
95.5%
Jeepers ___Creepers
95.5%
The ___ Have EyesHills
86.7%
Drag Me to ___Hell
81.6%
28 ___ LaterWeeks
74.1%
Movie Missing Word % Correct
___ RoyaleBattle
39.3%
It ___Follows
32.5%
We Are ___ HereStill
19.4%
___ RoomGreen
13.3%
Hellraiser IV: ___Bloodline
8.6%
___ 9Session
7.4%
___ of the WolfBrotherhood
6%
Deadly ___Blessing
5.6%

Today's Daily Dose

Missing Word
Sherlocks

Word Ladder
King of the Hill

Quick Pick
Songs in Pink

Get the Picture
NBA Teammates

You're not logged in!

Compare scores with friends on all Sporcle quizzes.
OR
Log In

Sporcle TV

Today on Sporcle TV


Watch our educational content, quiz creation guides, and fun videos on Sporcle TV.

Show Comments

Extras

Top Quizzes Today


Score Distribution

Your Account Isn't Verified!

In order to create a playlist on Sporcle, you need to verify the email address you used during registration. Go to your Sporcle Settings to finish the process.

Report this User

Report this user for behavior that violates our Community Guidelines.

Details: